|
|
|
|
| LEADER |
01148nam a22003372a 4500 |
| 001 |
001286160 |
| 003 |
CZ BrMZK |
| 005 |
20251009082644.0 |
| 007 |
ta |
| 008 |
130402s1988 xr c er 000 0 cze d |
| 015 |
|
|
|a cnb000044857
|
| 035 |
|
|
|a (OCoLC)39418653
|
| 040 |
|
|
|a ABA001
|b cze
|d ABA001
|
| 080 |
9 |
|
|a 791.44.071.2Streep,M.
|
| 080 |
9 |
|
|a 929Streep,M.
|
| 100 |
1 |
|
|a Korecká, Ludmila
|7 jx20071122065
|4 aut
|
| 245 |
1 |
0 |
|a Meryl Streepová /
|c Ludmila Korecká
|
| 250 |
|
|
|a 1. vyd.
|
| 260 |
|
|
|a Praha :
|b Čs. filmový ústav,
|c 1988
|
| 300 |
|
|
|a 27 s. :
|b portréty ;
|c 20 cm
|
| 490 |
1 |
|
|a Edice Čs. filmového ústavu ;
|v sv. 72
|
| 500 |
|
|
|a 9000 výt.
|
| 500 |
|
|
|a Filmografie M. Streepové
|
| 600 |
1 |
7 |
|a Streep, Meryl,
|d 1949-
|7 jn20000701728
|2 czenas
|
| 655 |
|
7 |
|a brožury
|7 fd131925
|2 czenas
|
| 830 |
|
0 |
|a Edice Čs. filmového ústavu
|
| 856 |
4 |
1 |
|u http://www.digitalniknihovna.cz/mzk/uuid/uuid:0e3bc050-6877-11e2-9a2f-005056827e51
|y Digitalizovaný dokument
|x NDK
|
| 910 |
|
|
|a BOA001
|b X-0948.681
|
| 990 |
|
|
|a BK
|
| 991 |
|
|
|b 201303
|
| 996 |
6 |
|
|b 2619526137
|c X-0948.681
|l MZK
|r Sklad / do 24 hodin
|n 0
|w 001320752
|u 000010
|a 1
|e BOA001
|j MZK50
|s P
|